| 000 | 01056nam a2200265 i 4500 | ||
|---|---|---|---|
| 003 | DO-SdBNP | ||
| 005 | 20231004134145.0 | ||
| 006 | a||||gr|||| 00| 0 | ||
| 007 | ta | ||
| 008 | 231004e1998 sp aadc| e||| 00| 0 spa d | ||
| 020 | _a8495035057 | ||
| 040 |
_aDO-SdBNP _bspa _cBNPHU _erda |
||
| 082 | 1 |
_222 _bP699a |
|
| 245 | 1 | 0 |
_aAtlas del tratamiento farmacológico del dolor _cM,E.Planas Domingo, M.M. Puig Riera de Conías, S. Sánchez González |
| 264 |
_aBarcelona, España : _bMenarini y Publicaciones Permanyer, _c1988 |
||
| 300 |
_a60 páginas : _bIlustraciones, gráficas, retratos ; _c19 cm. |
||
| 336 |
_2rda content _atexto _btxt |
||
| 337 |
_2rdamedia _asin mediación _bn |
||
| 338 |
_2rdacarrier _avolumen _bnc |
||
| 500 | _aLas dosis de fármacos que se indican en el texto son las usuales, no obstante el facultativo debe prescribir la que consideres más adecuada para cada paciente. | ||
| 590 | _aInventariado 2023 / MF | ||
| 700 | 1 |
_aPuig Riera de Conías, M.M. _984380 |
|
| 700 | 1 |
_aSánchez González, S. _950077 |
|
| 942 |
_2ddc _cLBS1 |
||
| 999 |
_c55073 _d55073 |
||